Gdzie wcześniej grali ci piłkarze? - Statystyki

Ogólne statystyki
  • Ten quiz został rozwiązany 522 razy
  • Średni wynik to 12 z 28
Statystyki odpowiedzi
Piłkarz Klub pozyskujący Rok transferu Klub oddający % Poprawnych
Joao Felix Atletico Madryt 2019 SL Benfica
93%
Raheem Sterling Manchester City 2015 Liverpool
84%
Wayne Rooney Manchester United 2004 Everton
72%
Angel di Maria PSG 2015 Manchester United
69%
Mohamed Salah Chelsea 2014 FC Basel
66%
Sadio Mane Liverpool 2016 Southampton
61%
Thiago Silva PSG 2012 AC Milan
60%
Virgil van Dijk Southampton 2015 Celtic Glasgow
59%
Youri Tielemans Monaco 2017 RSC Anderlecht
59%
Heung-min Son Tottenham 2015 Bayer Leverkusen
56%
Jordi Alba Barcelona 2012 Valencia
53%
Marco Reus Borussia Dortmund 2012 Borussia Monchengladbach
52%
Giovani Lo Celso Real Betis 2019 Paris Saint-Germain
46%
Takumi Minamino Liverpool 2020 Red Bull Salzburg
46%
Stefan de Vrij Inter 2018 Lazio Rzym
41%
Mesut Ozil Real Madryt 2010 Werder Brema
39%
Falcao Atletico Madryt 2011 FC Porto
38%
Thibaut Courtois Chelsea 2011 KRC Genk
34%
Arthur Barcelona 2018 Gremio Porto Alegre
29%
Marcelo PSV 2010 Wisła Kraków
29%
Timo Werner RB Lipsk 2016 VfB Stuttgart
27%
Rodri Atletico Madryt 2018 Villarreal
20%
Henrikh Mkhitaryan Borussia Dortmund 2013 Szachtar Donieck
19%
Vincent Kompany Manchester City 2008 Hamburger SV
18%
Giorgio Chiellini Juventus 2005 Fiorentina
15%
Gary Cahill Chelsea 2012 Bolton
14%
Gabriel Jesus Manchester City 2017 SE Palmeiras
13%
Gylfi Sigurdsson Swansea City 2014 Tottenham
9%
Nie znaleziono quizów pasujących do podanych kryteriów
Rozkład punktacji
Procent ludzi z każdym wynikiem
Percentyl według liczby udzielonych odpowiedzi
Twoja historia wyników
Nie rozwiązałeś tego quizu